=LDR 00000nam 2200000 4500 =001 INLIS000000000048953 =005 20200313080432 =035 ##$$a 0010-011700000000234 =008 200313################g##########0#ind## =040 ##$$a NBPDMAT =082 ##$$a 297.313 1 =090 ##$$a 297.313 1$bAbu m =245 ##$$a Mizanul muslim jilid 1 : $b Barometer menuju muslim kaffah /$c Penyunting, Abu Ammar, Abu Fatiah Al-Adnani =250 ##$$a cet. 5 =260 ##$$a Sukoharjo :$b Cordova Mediatama,$c 2016 =300 ##$$a 672 hlm ; $c 15 x 24 cm =650 #4$$a Muslim =850 ##$$a NBPDMAT =020 ##$$a 978-979-19893-0-5 =084 ##$$a 297.313 1 MIZ =710 #$$a Abu Ammar =700 #$$a Abu Fatiah Al-Adnani =990 ##$$a 21603096 =990 ##$$a 21603097 =990 ##$$a 21603098 =990 ##$$a 21603099 =990 ##$$a 21603101 =990 ##$$a 21603102 =990 ##$$a 21603103 =990 ##$$a 21603104 =990 ##$$a 31701380 =990 ##$$a 31701379 =990 ##$$a 31701378 =990 ##$$a 31701377 =990 ##$$a 21603100 =990 ##$$a 1201713523